Quizzes
Events
Quiz Creation
Community
Videos
Private Events
Remove Ads
Sign In
Join for FREE
Feedback
Dark Mode
Quiz Categories
Sports
Geography
Music
Movies
Television
Just For Fun
Miscellaneous
History
Literature
Language
Science
Gaming
Entertainment
Religion
Holiday
For Kids
Quiz Lab
Recent
Popular Today
Quiz Kudos Today
Editor Picks
Curator Picks
Quizzes by...
Day
Popularity
Type
Ratings
Length
Year
Community
Subscriptions
Recent Discussions
Orange Saloon
Badges
Playlists
Quests
Create
Leaderboards
Showdown
Live 5
Trivia Bingo
Activity
Puzzle Library
Sporcle Events
Private Events
Virtual Trivia
Globe League
Become a Host
Pub Owners
SporcleCon
Opinionation
Our Games
Videos
Blog
Mobile Apps
Partnerships
Remove Ads and Go Orange
Feedback
Television
TV Characters
TV Show
Sitcom
Network
Friends
Reality Shows
Cast
South Park
Star Trek
The Simpsons
Doctor Who
Television
TV Characters
TV Show
Sitcom
Network
Friends
Reality Shows
Cast
South Park
Star Trek
The Simpsons
Doctor Who
Random Quiz
Search Sporcle
×
Quiz Lab
Quiz Lab
Television
Sitcom
Type in answers that appear in a list
Type in answers that appear in a list
Classic
Best Score? Go Orange.
Sitcom Anagrams Stats
Can you name the sitcoms given anagrams of their names?
By
Frogperson
10m
30 Questions
58 Plays
58 Plays
58 Plays
Comments
Comments
Give Quiz Kudos
Give Quiz Kudos
-
- Ratings
hide this ad
Forced Order
Answers have to be entered in order
Answers have to be entered in order
Random Order
Randomize order of answers
Randomize order of answers
Replay
Link that replays current quiz
Next Quiz
Link to next quiz in quiz playlist
You Got
0%
They Got
Avg Score
30%
Avg Friend Score
Upgrade to see
Score Distribution
Jump to the score distribution portion of the page
Score
0/30
Timer
10:00
0
Plays Today
Anagram
Sitcom
% Correct
Swing
Wings
74.1%
Ax It
Taxi
70.7%
Hams
M*A*S*H
69%
Din Serf
Friends
62.1%
Sec Her
Cheers
60.3%
As Err If
Frasier
50%
Fend Lies
Seinfeld
46.6%
A Lye Misfit
Family Ties
39.7%
Pad Pay Shy
Happy Days
34.5%
Meow Hit Home Or Yurt
How I Met Your Mother
32.8%
Clue Ivy Lo
I Love Lucy
32.8%
A Myrmidon Elf
Modern Family
31%
Tummy Coin
Community
25.9%
Rub Yo Mashes Cur Unit
Curb Your Enthusiasm
25.9%
Tamale Fin Hilly
All in the Family
25.9%
Anagram
Sitcom
% Correct
Chef Foe It
The Office
24.1%
Scrap Rink Tree Nod Aa
Parks and Recreation
22.4%
Hipness Most
The Simpsons
22.4%
Hers Jet Ens Off
The Jeffersons
20.7%
Fans Nods Radon
Sanford and Son
20.7%
Mr. Dinky Nomad
Mork and Mindy
20.7%
Cheddar Twirler Him In
Married... with Children
17.2%
A Mayo Tub Out
Mad About You
15.5%
A Needled Revert Stomp
Arrested Development
15.5%
A Learn Heir Vend Sly
Laverne and Shirley
15.5%
Edge Nights Roll
The Golden Girls
12.1%
A Beseecher Fifth Rip Lorn
The Fresh Prince of Bel Air
12.1%
Tray Hen Sec Mop
Three's Company
10.3%
Theorem Hone Nosy
The Honeymooners
10.3%
Feed Front Skirts
Diff'rent Strokes
8.6%
Quiz Playlist
Details
Report
Send in Message
Add To Playlist
Classic:
Type in answers that appear in a list
Forced Order:
Answers have to be entered in order
Random Order:
Randomize order of answers
Last Updated: Feb 16, 2017
Quiz Scoreboard
CHALLENGE
Sign Up to Join the Scoreboard
Show All
Scores
Hide
Comments
May contain spoilers
Recently Published
Presidents Visiting Landmarks
by Hejman
History
7m
An Introduction to Baseball
by treessimontrees
Sports
5m
Movies - When Are They Set?
by FPL_Elf
Movies
5m
More to Explore
Quiz From the Vault
Featured Blog Post
Where Did the Easter Bunny Come From?
hide this ad
You Might Also Like...
Tags
Sitcom Quiz
Today's Top Quizzes in Television
Browse Television
hide this ad
Today's Top Quizzes in Sitcom
Browse Sitcom
Top Contributed Quizzes in Television
1
One Piece Logic Puzzle
2
5-to-1: The Simpsons Families
3
Survivor Logic Puzzle: Heroes vs. Villains
4
5-to-1: Television Doctors
5
7-to-1: TV Show Settings
6
Survivor Seasons
7
5-to-1: Streaming Originals
8
Survivor Season by Logo
9
One Thing in Common: Television
10
TV Shows by First Names
Explore More
Trending Topics
Marvel
NBA
Kpop
Anime
Crossword
Disney
Harry Potter
The Office
NFL
Song
WWE
Soccer
Country
Puzzle
Pokémon
hide this ad
More By:
Frogperson
Quiz
Plays
Rating
Category
Featured
Created
Find the States of Brazil
106,469
5.00
Geography
Nov 13, 2015
Top 3: Television
1,637
4.69
Television
Aug 1, 2015
Top 3: Movies
1,593
4.68
Movies
Jul 18, 2015
Logic Puzzle: A European Adventure
911
4.00
Just For Fun
Dec 24, 2014
Two Part 'Friends' Episodes Minefield
652
5.00
Television
Apr 30, 2015
Go to Creator's Profile
Score Distribution
Quiz Creator Spotlight
Frogperson
Follow
Send a Message
Quizzes Created
-
Created Quiz Play Count
-
More By This Creator
Popular Quizzes Today
1
Find the Countries of Europe - No Outlines Minefield
2
Find the US States - No Outlines Minefield
3
The Countries of the World
4
Popular People in 1961
5
Find the US States
6
US States
7
1-10 Letter E Words III
8
Risky Map Clicking: Biggest States A-Z
More Television Quizzes
Almost a TV Sorting Gallery
Published
Trending Quizzes
Risky Map Clicking: Least Populous States A-Z
1-10 Letter F Words
1-10 Letter G Words
One Thing in Common: United Kingdom
Risky Map Clicking: Next State Alphabetically
Recently Updated
Leaping Animals
pecheneg
Reality TV Shows (A-Z)
bhenderson79
Rickey Henderson's Hall of Fame Teammates
pecheneg
Champions League XIs: Arsenal
pecheneg
Quick Pick: Celebrities in WWE's Hall of Fame
aduchscher
A-Z Keypad Blitz II
pecheneg
Multiple Oscar Actors
pecheneg
Mystery Phrase Blitz: Oscar 'Best Actors'
pecheneg
F. Scott Fitzgerald Novels
LTH
Pick 3 Villains
ddd62291
Trending Topics
Anime
Disney
Marvel
Crossword
Kpop
Harry Potter
NBA
Soccer
Pokémon
NFL
Puzzle
WWE
Country
Song
The Office
Your Account Isn't Verified!
In order to create a playlist on Sporcle, you need to verify the email address you used during registration. Go to your
Sporcle Settings
to finish the process.
Report this User
Report this user for behavior that violates our
Community Guidelines
.
Details:
Send Report
Go to the Sporcle.com Mobile Site →
Comments